[Event "Fortaleza Pompeu de Sousa Memoria"]
[Site "Fortaleza"]
[Date "2015.03.29"]
[Round "4.2"]
[White "De Saboya E Silva, Jose Frederic"]
[Black "Ribeiro, Orlando Alves"]
[Result "1-0"]
[WhiteElo "2147"]
[BlackElo "1821"]
[PlyCount "121"]
[EventDate "2015.03.27"]
[EventType "swiss"]
[EventRounds "5"]
[EventCountry "BRA"]
[SourceTitle "EXT 2022"]
[Source "ChessBase"]
[SourceDate "2021.10.06"]
[SourceVersion "1"]
[SourceVersionDate "2021.10.06"]
[SourceQuality "1"]

1. d4 Nf6 2. c4 e6 3. Nc3 d5 4. Bg5 Be7 5. e3 c6 6. Qc2 Nbd7 7. Nf3 b6 8. Bd3 Bb7 9. 0-0-0 dxc4 10. Bxc4 b5 11. Bd3 Qc7 12. Nxb5 Qa5 13. Nc3 Rc8 14. Kb1 c5 15. Bxf6 Nxf6 16. Bb5+ Bc6 17. Bxc6+ Rxc6 18. Ne5 Rc7 19. d5 exd5 20. Nxd5 Nxd5 21. Rxd5 0-0 22. Rhd1 Qa6 23. Nd7 Rfc8 24. Qe4 Qg6 25. Qxg6 hxg6 26. Ne5 c4 27. Rd7 Bf6 28. Rxc7 Rxc7 29. Nd7 Be7 30. Ne5 Bf6 31. Ng4 Be7 32. Kc2 f6 33. e4 Kf7 34. Ne3 Bc5 35. Nd5 Rc6 36. f3 g5 37. h3 a5 38. Nc3 Ke6 39. Rd5 Bb6 40. Nb5 a4 41. g3 g6 42. Nd4+ Bxd4 43. Rxd4 a3 44. b3 cxb3+ 45. Kxb3 Rc1 46. Rd3 Rh1 47. Kxa3 Rxh3 48. g4 Ke5 49. Kb4 Rh8 50. a4 Rb8+ 51. Kc5 Rc8+ 52. Kb6 Rb8+ 53. Ka7 Rb4 54. a5 Ke6 55. a6 Ke5 56. Rc3 Kd6 57. Rd3+ Ke5 58. Ka8 Ke6 59. Rd5 f5 60. gxf5+ gxf5 61. Rxf5 1-0

[Event "Joao Pessoa op 6th"]
[Site "Joao Pessoa"]
[Date "2015.03.14"]
[Round "3"]
[White "Ribeiro, Orlando Alves"]
[Black "Costa, Edvaldo da Cruz"]
[Result "1/2-1/2"]
[WhiteElo "1821"]
[BlackElo "1653"]
[PlyCount "99"]
[EventDate "2015.03.13"]
[EventType "swiss"]
[EventRounds "6"]
[EventCountry "BRA"]
[SourceTitle "CBM 165 Extra"]
[Source "ChessBase"]
[SourceDate "2015.04.21"]
[SourceVersion "1"]
[SourceVersionDate "2015.04.21"]
[SourceQuality "1"]

1. d4 d5 2. Nf3 e6 3. c4 c6 4. g3 Nf6 5. Bg2 Bb4+ 6. Bd2 Bxd2+ 7. Nbxd2 Nbd7 8. Qc2 Qc7 9. 0-0 0-0 10. e4 Nxe4 11. Nxe4 dxe4 12. Qxe4 Nf6 13. Qc2 Re8 14. Rfe1 Bd7 15. a4 Rab8 16. Ne5 c5 17. Nxd7 Nxd7 18. Rad1 cxd4 19. Rxd4 e5 20. Rd2 Nc5 21. Rd5 Nd7 22. b3 Nf6 23. Rd2 Rbd8 24. Rde2 b6 25. Qf5 e4 26. Bxe4 Nxe4 27. Rxe4 Qc6 28. Qf3 Re6 29. Qe3 Rxe4 30. Qxe4 Qxe4 31. Rxe4 g6 32. g4 Rd3 33. Re3 Rd7 34. g5 Kg7 35. h4 Rd4 36. Rh3 f6 37. Kf1 fxg5 38. hxg5 Rg4 39. Rg3 Rxg3 40. fxg3 Kf7 41. Ke2 Ke6 42. g4 Ke5 43. Ke3 a5 44. Kd3 Kf4 45. Kc3 Kxg5 46. b4 axb4+ 47. Kxb4 h5 48. gxh5 gxh5 49. a5 bxa5+ 50. Kxa5 1/2-1/2

[Event "Cearenses-ch"]
[Site "Fortaleza"]
[Date "2014.11.15"]
[Round "3"]
[White "Brandao, Marcius Gomes"]
[Black "Ribeiro, Orlando Alves"]
[Result "1/2-1/2"]
[WhiteElo "2082"]
[BlackElo "1829"]
[PlyCount "43"]
[EventDate "2014.11.13"]
[EventType "swiss"]
[EventRounds "6"]
[EventCountry "BRA"]
[SourceTitle "EXT 2022"]
[Source "ChessBase"]
[SourceDate "2021.10.06"]
[SourceVersion "1"]
[SourceVersionDate "2021.10.06"]
[SourceQuality "1"]

1. d4 Nf6 2. c4 e6 3. g3 d5 4. Nf3 Be7 5. Bg2 c6 6. 0-0 0-0 7. Nc3 Nbd7 8. b3 b6 9. Qd3 Bb7 10. Bb2 Re8 11. e4 dxe4 12. Nxe4 c5 13. Nfg5 Nxe4 14. Nxe4 Qc7 15. d5 exd5 16. cxd5 Qc8 17. Rfe1 h6 18. Rad1 Bf8 19. Qc3 Qc7 20. Bh3 Rad8 21. Bxd7 Rxe4 22. Bf5 1/2-1/2

[Event "Joao Pessoa-ch"]
[Site "Joao Pessoa"]
[Date "2014.08.01"]
[Round "2"]
[White "Barros, Ubirajara Barbosa"]
[Black "Ribeiro, Orlando Alves"]
[Result "0-1"]
[WhiteElo "1531"]
[BlackElo "1836"]
[PlyCount "62"]
[EventDate "2014.08.01"]
[EventType "swiss"]
[EventRounds "6"]
[EventCountry "BRA"]
[SourceTitle "CBM 161 Extra"]
[Source "ChessBase"]
[SourceDate "2014.08.29"]
[SourceVersion "1"]
[SourceVersionDate "2014.08.29"]
[SourceQuality "1"]

1. e4 e5 2. Nf3 Nf6 3. Nc3 Bb4 4. d3 d5 5. Bd2 0-0 6. Be2 Nc6 7. 0-0 Bg4 8. h3 Bh5 9. g4 Bg6 10. Nh4 dxe4 11. Nf5 exd3 12. Bxd3 Re8 13. Qc1 Bxf5 14. Bxf5 Nd4 15. Kg2 Nxf5 16. gxf5 Qd7 17. Bh6 gxh6 18. Qxh6 Qxf5 19. Ne2 Qg6+ 20. Qxg6+ hxg6 21. Rh1 Kg7 22. h4 Rad8 23. Ng3 Rd2 24. h5 Nxh5 25. Nxh5+ gxh5 26. Rxh5 Bc5 27. Rf5 Re6 28. Rg1 Rg6+ 29. Kh1 Rxf2 30. Rxg6+ Kxg6 31. Rxe5 Rxc2 0-1

[Event "Fortaleza Schoonenborch U1900"]
[Site "Fortaleza"]
[Date "2014.07.26"]
[Round "3.3"]
[White "Ribeiro, Orlando Alves"]
[Black "Nunes, Moezio Correia"]
[Result "1-0"]
[WhiteElo "1836"]
[BlackElo "1766"]
[PlyCount "71"]
[EventDate "2014.07.25"]
[EventType "swiss"]
[EventRounds "5"]
[EventCountry "BRA"]
[SourceTitle "EXT 2022"]
[Source "ChessBase"]
[SourceDate "2021.10.06"]
[SourceVersion "1"]
[SourceVersionDate "2021.10.06"]
[SourceQuality "1"]

1. d4 Nf6 2. Nf3 d6 3. c4 g6 4. g3 Bg7 5. Bg2 0-0 6. 0-0 Nbd7 7. Nc3 c6 8. h3 e5 9. e4 Qc7 10. Be3 Nh5 11. Kh2 f5 12. exf5 gxf5 13. Ng5 Ndf6 14. d5 f4 15. Bd2 h6 16. Nge4 Bf5 17. Rc1 Nxe4 18. Nxe4 fxg3+ 19. fxg3 Bxe4 20. Qxh5 Bxg2 21. Kxg2 Qb6 22. b3 Qd4 23. Bxh6 Rxf1 24. Rxf1 Qe4+ 25. Kh2 Qh7 26. Qf7+ Kh8 27. Bxg7+ Qxg7 28. Rf5 Qxf7 29. Rxf7 cxd5 30. cxd5 Rc8 31. Rf6 Rc2+ 32. Kg1 Rxa2 33. Rxd6 b5 34. Re6 Rb2 35. d6 Rxb3 36. d7 1-0

[Event "Fortaleza Alves Memorial 19th"]
[Site "Fortaleza"]
[Date "2014.05.17"]
[Round "4"]
[White "De Macedo, Luiz Soares"]
[Black "Ribeiro, Orlando Alves"]
[Result "0-1"]
[WhiteElo "1658"]
[BlackElo "1856"]
[PlyCount "70"]
[EventDate "2014.05.16"]
[EventType "swiss"]
[EventRounds "6"]
[EventCountry "BRA"]
[SourceTitle "CBM 160 Extra"]
[Source "ChessBase"]
[SourceDate "2014.07.01"]
[SourceVersion "1"]
[SourceVersionDate "2014.07.01"]
[SourceQuality "1"]

1. e4 e5 2. Nf3 Nf6 3. Bc4 Nc6 4. Ng5 d5 5. exd5 Na5 6. Bb5+ c6 7. dxc6 bxc6 8. Be2 Bc5 9. c3 Nb7 10. 0-0 0-0 11. d3 Bf5 12. b4 Bb6 13. a4 a6 14. Na3 Re8 15. Nc4 Bc7 16. a5 Nd6 17. Ne3 Bg6 18. Re1 Nb5 19. Bb2 Nd5 20. Nf3 Ndxc3 21. Qc2 Nxe2+ 22. Qxe2 Bxd3 23. Qd2 e4 24. Red1 exf3 25. Qxd3 Qh4 26. g3 Qxb4 27. Ba3 Qc3 28. Rac1 Qxa3 29. Qc2 Qxa5 30. Qxc6 Qb6 31. Qxf3 Qe6 32. Rc6 Qe4 33. Kg2 Qxf3+ 34. Kxf3 a5 35. Rdc1 Nd4+ 0-1

[Event "Fortaleza Alves Memorial 19th"]
[Site "Fortaleza"]
[Date "2014.05.16"]
[Round "2"]
[White "De Almeida, Valdemiza Gurgel"]
[Black "Ribeiro, Orlando Alves"]
[Result "0-1"]
[WhiteElo "1389"]
[BlackElo "1856"]
[PlyCount "80"]
[EventDate "2014.05.16"]
[EventType "swiss"]
[EventRounds "6"]
[EventCountry "BRA"]
[SourceTitle "CBM 160 Extra"]
[Source "ChessBase"]
[SourceDate "2014.07.01"]
[SourceVersion "1"]
[SourceVersionDate "2014.07.01"]
[SourceQuality "1"]

1. e4 e5 2. Nf3 Nf6 3. Nc3 Bb4 4. Nxe5 0-0 5. Bc4 d6 6. Nf3 Bxc3 7. dxc3 Nxe4 8. 0-0 Nc6 9. Bd5 Re8 10. Re1 Bf5 11. Nd4 Nxd4 12. Qxd4 Nc5 13. Be3 Bxc2 14. Re2 Bd3 15. Rd2 Be4 16. b4 Bxd5 17. bxc5 c6 18. Qg4 Be6 19. Qg3 d5 20. Bd4 f6 21. Rb1 Bf7 22. Rd3 Bg6 23. Rbd1 Bxd3 24. Qxd3 Qe7 25. h3 Qe2 26. Qb1 Re7 27. Be3 Rae8 28. Re1 Qb5 29. Qf5 Qc4 30. Qc2 Qe4 31. Qb3 Qg6 32. Kh2 f5 33. Rg1 Qf7 34. Qb2 f4 35. Bd2 Re2 36. Qc1 Rxf2 37. Be1 Rxa2 38. Bd2 Re2 39. Bxf4 Rac2 40. Qf1 Rf2 0-1

[Event "Fortaleza Saboya op"]
[Site "Fortaleza"]
[Date "2014.04.27"]
[Round "1"]
[White "Ribeiro, Orlando Alves"]
[Black "Polack, Walter Friedrich Jr"]
[Result "0-1"]
[WhiteElo "1858"]
[BlackElo "2095"]
[PlyCount "86"]
[EventDate "2014.04.27"]
[EventType "swiss"]
[EventRounds "7"]
[EventCountry "BRA"]
[SourceTitle "CBM 160 Extra"]
[Source "ChessBase"]
[SourceDate "2014.07.01"]
[SourceVersion "1"]
[SourceVersionDate "2014.07.01"]
[SourceQuality "1"]

1. d4 c5 2. d5 d6 3. c4 e5 4. e4 g6 5. Nc3 Bg7 6. Nf3 Ne7 7. Be2 0-0 8. 0-0 f5 9. a3 h6 10. b4 b6 11. bxc5 bxc5 12. Bd2 Nd7 13. Rb1 Nf6 14. Bd3 fxe4 15. Nxe4 Nf5 16. Qc2 Nxe4 17. Bxe4 Qf6 18. Ba5 g5 19. h3 Kh8 20. Qa4 Ne7 21. Bc7 h5 22. Rb3 g4 23. hxg4 hxg4 24. Nh2 Bh6 25. g3 Bg5 26. f3 Qh6 27. fxg4 Be3+ 28. Kg2 Rxf1 29. Nxf1 Bxg4 30. Rxe3 Bh3+ 31. Kf2 Bxf1 32. Qc2 Rf8+ 33. Rf3 Rxf3+ 34. Kxf3 Qf6+ 35. Ke3 Bh3 36. Qf2 Qg5+ 37. Kd3 Bf5 38. Bd8 Bxe4+ 39. Kxe4 Qg4+ 40. Kd3 Nf5 41. Bf6+ Kg8 42. Qg2 Qd4+ 43. Ke2 Qb2+ 0-1

[Event "Tiradentes op"]
[Site "Tiradentes"]
[Date "2014.04.18"]
[Round "2"]
[White "Ribeiro, Matheus Cavalcante"]
[Black "Ribeiro, Orlando Alves"]
[Result "1-0"]
[WhiteElo "2162"]
[BlackElo "1858"]
[PlyCount "35"]
[EventDate "2014.04.18"]
[EventType "swiss"]
[EventRounds "7"]
[EventCountry "BRA"]
[SourceTitle "CBM 160 Extra"]
[Source "ChessBase"]
[SourceDate "2014.07.01"]
[SourceVersion "1"]
[SourceVersionDate "2014.07.01"]
[SourceQuality "1"]

1. e4 e5 2. Nf3 Nf6 3. Nxe5 d6 4. Nf3 Nxe4 5. c4 Nc6 6. Nc3 Nf6 7. d4 d5 8. Qb3 Na5 9. Qa4+ c6 10. cxd5 Nxd5 11. Nxd5 Qxd5 12. Bd2 b6 13. Bd3 Bd7 14. 0-0 Be7 15. Rfe1 Be6 16. Bxa5 bxa5 17. Be4 Qd6 18. Qxc6+ 1-0

[Event "Fortaleza Alves memorial 17th"]
[Site "Fortaleza"]
[Date "2013.05.19"]
[Round "5"]
[White "Ribeiro, Orlando Alves"]
[Black "Rocha, Vitor Firmo de Souz"]
[Result "0-1"]
[WhiteElo "1877"]
[BlackElo "2009"]
[PlyCount "120"]
[EventDate "2013.05.17"]
[EventType "swiss"]
[EventRounds "6"]
[EventCountry "BRA"]
[SourceTitle "CBM 154 Extra"]
[Source "ChessBase"]
[SourceDate "2013.06.25"]
[SourceVersion "2"]
[SourceVersionDate "2013.06.25"]
[SourceQuality "1"]

1. d4 f5 2. Nf3 Nf6 3. g3 g6 4. Bg2 Bg7 5. 0-0 0-0 6. c4 d6 7. Nc3 Nc6 8. b3 e5 9. dxe5 dxe5 10. Bb2 e4 11. Ne1 Be6 12. Nc2 Rf7 13. Qxd8+ Rxd8 14. Rad1 Rfd7 15. Rxd7 Rxd7 16. Rd1 Kf7 17. Rxd7+ Nxd7 18. Nd1 Nce5 19. Nd4 c6 20. Nxe6 Kxe6 21. f4 exf3 22. exf3 Bf6 23. Kf1 Nd3 24. Bxf6 Nxf6 25. Nc3 Ke5 26. Ke2 Nb4 27. Kd2 Na6 28. Ne2 Kd6 29. Kc3 c5 30. a3 b6 31. b4 Nc7 32. Kd3 Ne6 33. Ke3 Nd7 34. f4 Nf6 35. h3 Kd7 36. Bf3 Ne8 37. g4 Nd6 38. Bd5 Nc7 39. Bg8 h6 40. Nc1 Ne6 41. Bxe6+ Kxe6 42. Kd3 Ne4 43. Ke3 Nd6 44. Kd3 fxg4 45. hxg4 h5 46. gxh5 gxh5 47. Ne2 h4 48. bxc5 bxc5 49. a4 Kf5 50. Ke3 Nxc4+ 51. Kf3 Nd2+ 52. Ke3 Ne4 53. Ng1 Nd6 54. Ne2 Kg4 55. Kf2 h3 56. Kg1 Ne4 57. Kh2 c4 58. a5 c3 59. f5 c2 60. f6 Nxf6 0-1

[Event "BRA-ch sf-B"]
[Site "Fortaleza"]
[Date "2012.11.03"]
[Round "6"]
[White "Laroca, Alvaro Ney"]
[Black "Ribeiro, Orlando Alves"]
[Result "0-1"]
[WhiteElo "1572"]
[BlackElo "1879"]
[PlyCount "42"]
[EventDate "2012.11.01"]
[EventType "swiss"]
[EventRounds "8"]
[EventCountry "BRA"]
[SourceTitle "EXT 2013"]
[Source "ChessBase"]
[SourceDate "2012.11.22"]
[SourceVersion "1"]
[SourceVersionDate "2012.11.22"]
[SourceQuality "1"]

1. e4 e5 2. f4 Bc5 3. Nf3 d6 4. Bc4 Nf6 5. Nc3 0-0 6. d3 a6 7. a3 Nc6 8. Ne2 h6 9. c3 d5 10. exd5 Nxd5 11. Qb3 Na5 12. Qa2 Nxc4 13. Qxc4 Bb6 14. Bd2 exf4 15. 0-0-0 Ne3 16. Bxe3 Bxe3+ 17. Kc2 Be6 18. Qb4 c5 19. Qxb7 Bd5 20. Qxa8 Qxa8 21. g3 Bxf3 0-1

[Event "BRA-ch sf-B"]
[Site "Fortaleza"]
[Date "2012.11.01"]
[Round "2"]
[White "Carneiro, Jose Gildivan"]
[Black "Ribeiro, Orlando Alves"]
[Result "0-1"]
[WhiteElo "1800"]
[BlackElo "1879"]
[PlyCount "70"]
[EventDate "2012.11.01"]
[EventType "swiss"]
[EventRounds "8"]
[EventCountry "BRA"]
[SourceTitle "EXT 2013"]
[Source "ChessBase"]
[SourceDate "2012.11.22"]
[SourceVersion "1"]
[SourceVersionDate "2012.11.22"]
[SourceQuality "1"]

1. e4 e5 2. Nc3 Nf6 3. Nf3 Bb4 4. a3 Bxc3 5. bxc3 0-0 6. Bb2 Nxe4 7. Bd3 Nc5 8. Bf5 Nc6 9. 0-0 d6 10. Bxc8 Qxc8 11. a4 Qg4 12. d4 Ne6 13. d5 Nf4 14. g3 Nh3+ 15. Kg2 Na5 16. Nxe5 Qxd1 17. Raxd1 Nxf2 18. Rxf2 dxe5 19. Re2 Nc4 20. Bc1 f5 21. Bg5 Rf7 22. Rf1 h6 23. Bc1 Rd8 24. g4 fxg4 25. Rxf7 Kxf7 26. Re4 Nb6 27. c4 Nxa4 28. Rxg4 Rd6 29. Ba3 Rg6 30. Kf3 Rxg4 31. Kxg4 Nb6 32. d6 cxd6 33. c5 Nc4 34. Bb4 d5 35. Kf5 g6+ 0-1

[Event "Carvalho Memorial op"]
[Site "Juazeiro do Norte"]
[Date "2012.10.13"]
[Round "4"]
[White "Urquidi, Fabio Moraes"]
[Black "Ribeiro, Orlando Alves"]
[Result "1/2-1/2"]
[WhiteElo "1798"]
[BlackElo "1883"]
[PlyCount "58"]
[EventDate "2012.10.12"]
[EventType "swiss"]
[EventRounds "6"]
[EventCountry "BRA"]
[SourceTitle "EXT 2013"]
[Source "ChessBase"]
[SourceDate "2012.11.22"]
[SourceVersion "1"]
[SourceVersionDate "2012.11.22"]
[SourceQuality "1"]

1. e4 e5 2. f4 Bc5 3. Bc4 Nf6 4. Qf3 d6 5. h3 Nc6 6. c3 0-0 7. Bb3 Re8 8. f5 h6 9. d3 Ne7 10. c4 Nc6 11. Ne2 Nd4 12. Nxd4 Bxd4 13. Nc3 c6 14. Ne2 Bc5 15. Be3 Bxe3 16. Qxe3 Nh5 17. 0-0-0 Qg5 18. Qxg5 hxg5 19. g4 Nf6 20. Rdg1 Rd8 21. h4 gxh4 22. Rxh4 g5 23. fxg6 fxg6 24. Rgh1 Kg7 25. g5 Nh5 26. Bd1 Be6 27. Nc3 Bf7 28. Bg4 Rh8 29. Ne2 Raf8 1/2-1/2

[Event "Fortaleza Brazil op 2nd"]
[Site "Fortaleza"]
[Date "2012.04.07"]
[Round "5"]
[White "Ribeiro, Orlando Alves"]
[Black "Baeta, Marcio Netto"]
[Result "1/2-1/2"]
[WhiteElo "1885"]
[BlackElo "2154"]
[PlyCount "118"]
[EventDate "2012.04.05"]
[EventType "swiss"]
[EventRounds "7"]
[EventCountry "BRA"]
[SourceTitle "CBM 147 Extra"]
[Source "ChessBase"]
[SourceDate "2012.04.24"]
[SourceVersion "1"]
[SourceVersionDate "2012.04.24"]
[SourceQuality "1"]

1. d4 Nf6 2. Nf3 c5 3. d5 b5 4. c4 b4 5. Nbd2 g6 6. b3 Bg7 7. Bb2 0-0 8. e4 d6 9. Bd3 Nbd7 10. 0-0 Re8 11. Qc2 Ng4 12. Bxg7 Kxg7 13. h3 Nge5 14. Nxe5 Nxe5 15. Be2 f5 16. f4 Nf7 17. exf5 Bxf5 18. Bd3 e6 19. dxe6 Bxd3 20. Qxd3 Rxe6 21. f5 gxf5 22. Qxf5 Qe7 23. Rf2 Rf6 24. Qg4+ Rg6 25. Qf3 Re8 26. Qd5 Ng5 27. Kh1 Qe5 28. Qxe5+ Rxe5 29. Raf1 Re7 30. h4 Nf7 31. Ne4 Rg4 32. Rf4 Rxf4 33. Rxf4 a5 34. g4 h6 35. Kg2 Re6 36. g5 Ne5 37. Rf6 Rxf6 38. gxf6+ Kg6 39. Kg3 Nd3 40. Kf3 Nc1 41. f7 Kxf7 42. Nxd6+ Ke7 43. Nb7 Nxa2 44. Nxc5 Nc1 45. Kg4 Kf7 46. Kf4 Kg6 47. Ke3 Kh5 48. Kd2 Na2 49. Ne4 Kg4 50. Kc2 Kf4 51. c5 Ke5 52. c6 Ke6 53. h5 Ke7 54. Nf6 Kd6 55. Ng8 Nc3 56. Nxh6 Ne4 57. Nf7+ Kxc6 58. h6 Nf6 59. Ng5 Kb5 1/2-1/2